Compendium Theologiae Moralis beatae Maria Virgini Dicatum

Salvato in:
Dettagli Bibliografici
Autore principale: Calasanctio a Llevaneras, Josepho (Autore)
Natura: Libro
Lingua:latino
Pubblicazione: Ratisbona Fridericus Pustet 1904
Edizione:8a. ed
Soggetti:
Tags: Aggiungi Tag
Nessun Tag, puoi essere il primo ad aggiungerne!!

MARC

LEADER 00000cam a2200000 a 4500
001 UCD2288
003 CL-VaPUC
008 160421e19040000gw |||||||||||||||||lat|d
082 0 4 |a 262.9  |b CAL  |2 21 
100 0 |a Calasanctio a Llevaneras, Josepho  |e author  |9 585604 
245 1 0 |a Compendium Theologiae Moralis beatae Maria Virgini Dicatum 
250 |a 8a. ed 
300 |a 670 p 
942 |c BK 
945 |d 20160421 23:07:00  |a dcastane 
260 |a Ratisbona  |b Fridericus Pustet  |c 1904 
650 7 |a DERECHO CANONICO  |2 CL-VaPUC  |9 585605 
650 0 |a Mariología   |9 365249 
583 |a last modification  |c 20160421 23:07:00  |k Rodrigo Vera 
999 |c 363451  |d 363449 
952 |0 0  |1 0  |3 erd  |4 0  |6 262_900000000000000_CAL_1904  |7 0  |8 X  |9 475846  |a BIBTEO  |b BIBTEO  |c TEO_FFR  |i 5226120  |o 262.9 CAL 1904  |p 5226120  |r 2024-01-18  |w 2019-11-24  |y BK_X  |z Catalogado en:20160421  |k OFM 
952 |0 0  |1 0  |3 erd  |4 0  |6 262_900000000000000_CAL_1904  |7 0  |8 X  |9 475847  |a BIBTEO  |b BIBTEO  |c TEO_FFR  |i 5226139  |o 262.9 CAL 1904  |p 5226139  |r 2024-01-18  |w 2019-11-24  |y BK_X  |z Catalogado en:20160421  |k OFM 
952 |0 0  |1 0  |3 erd  |4 0  |6 262_900000000000000_CAL_1904  |7 0  |8 X  |9 475848  |a BIBTEO  |b BIBTEO  |c TEO_FFR  |i 5226147  |o 262.9 CAL 1904  |p 5226147  |r 2024-01-18  |w 2019-11-24  |y BK_X  |z Catalogado en:20160421  |k OFM